000 00695nam a22001337a 4500
040 _cRUA
082 _aAVM PUM 2018 B654 Or.1
100 _aPUM LEAKHENA ពុំ លក្ខិណា
245 _adetestion and molecular characterization of coronavirus in cave bats from kampot province ការស្វែងរក​និងកំណត់អត្តសញ្ញណម៉ូលេគុលនៃវីរុសកូរូណា លើសត្វប្រចៀវ​នៅ ខេត្តកំពត
260 _aRUA
_bPhnom penh
_c2018
300 _ax;43p
_bill;
_c29cm
856 _u https://drive.google.com/file/d/1_Z5y7u3B4--lBjUXmJZXE6E3qTyDDA0C/view?usp=sharing
942 _cAVM
999 _c18660
_d18660